| 000 | 00801 a2200193 4500 | ||
|---|---|---|---|
| 020 | _a0824758951 | ||
| 020 | _a9780824758950 | ||
| 082 | 0 | 4 | _a512.74 |
| 090 |
_c502 _d502 |
||
| 100 | 1 | _aSivaramakrishnan, R. | |
| 245 | 1 | 0 |
_aCertain number-theoretic episodes in algebra / _cR Sivaramakrishnan. |
| 260 |
_a[S.l.] : _bChapman and Hall/CRC, _c2006. |
||
| 300 |
_a632 p. ; _c24 cm. |
||
| 490 | 1 | _aChapman & hall/crc pure and applied mathematics. | |
| 830 | 0 | _aChapman & hall/crc pure and applied mathematics. | |
| 942 |
_aSNS _cBK _k512.74 SIV |
||
| 999 |
_c29133 _d29133 |
||